Welcome to CU Library Online Public Access Catalogue (OPAC)

The HarperCollins Bible commentary / (Record no. 7166)

MARC details
000 -LEADER
fixed length control field 00912cam a2200241 a 4500
001 - CONTROL NUMBER
control field 11880681
005 - DATE AND TIME OF LATEST TRANSACTION
control field 20250725111206.0
008 - FIXED-LENGTH DATA ELEMENTS--GENERAL INFORMATION
fixed length control field 000103s2000 caua b 000 0 eng
020 ## - INTERNATIONAL STANDARD BOOK NUMBER
International Standard Book Number 0060655488
Qualifying information hc
020 ## - INTERNATIONAL STANDARD BOOK NUMBER
International Standard Book Number 9780060655488
Qualifying information (hc)
050 00 - LIBRARY OF CONGRESS CALL NUMBER
Classification number BS491.2
Item number .H37 2000
082 00 - DEWEY DECIMAL CLASSIFICATION NUMBER
Classification number 220.7
Edition information 1
245 04 - TITLE STATEMENT
Title The HarperCollins Bible commentary /
Statement of responsibility, etc. general editor, James L. Mays ; associate editors, Joseph Blenkinsopp ... [et al.] ; with the Society of Biblical Literature.
250 ## - EDITION STATEMENT
Edition statement Rev. ed.
260 ## - PUBLICATION, DISTRIBUTION, ETC.
Place of publication, distribution, etc. San Francisco :
Name of publisher, distributor, etc. HarperSanFrancisco,
Date of publication, distribution, etc. c2000.
300 ## - PHYSICAL DESCRIPTION
Extent xxvi, 1203 p. :
Other physical details ill. ;
Dimensions 24 cm.
500 ## - GENERAL NOTE
General note Rev. ed. of: Harper's Bible commentary. 1988.
700 1# - ADDED ENTRY--PERSONAL NAME
Personal name Mays, James Luther.
700 1# - ADDED ENTRY--PERSONAL NAME
Personal name Blenkinsopp, Joseph,
Dates associated with a name 1927-
710 2# - ADDED ENTRY--CORPORATE NAME
Corporate name or jurisdiction name as entry element Society of Biblical Literature.
856 42 - ELECTRONIC LOCATION AND ACCESS
Materials specified Publisher description
Uniform Resource Identifier <a href="http://www.loc.gov/catdir/description/hc043/00020818.html">http://www.loc.gov/catdir/description/hc043/00020818.html</a>
942 ## - ADDED ENTRY ELEMENTS (KOHA)
Source of classification or shelving scheme Library of Congress Classification
Koha item type Books
Suppress in OPAC No
999 ## -
-- 7166
-- 7166
Holdings
Withdrawn status Lost status Source of classification or shelving scheme Damaged status Not for loan Collection Home library Current library Shelving location Date acquired Total checkouts Full call number Barcode Date last seen Copy number Price effective from Koha item type
    Library of Congress Classification     Reference Undergraduate Library (Christ Temple) Undergraduate Library (Christ Temple) General stacks 07/25/2025   REF BS491.2 HAR ulct00004160 07/25/2025 1 07/25/2025 Books
© 2023-2024 Copyright: Central University Libraries. All Rights Reserved | Created by: Mahone Tech Office